000
00312nam a22001337a 4500
008
180822b xxu||||| |||| 00| 0 eng d
020
_a
0962424668
041
_a
eng
080
_a
616.6
100
_a
5
101
_a
NEU
245
_a
SPINAL INSTRUMENTATION NEUROSURGICAL TOPICS
_c
BENZEL,E,C
942
_2
udc
_c
BK
999
_c
47244
_d
47244